Statistics for Letterboxd's Top 250 Movies (2024)

Click here to take the quiz!

General Stats

  • This quiz has been taken 291 times
    (70 since last reset)
  • The average score is 99 of 250

Answer Stats

#DirectorMovie% Correct
7Bong Joon-HoParasite
94%
104David FincherSe7en
91%
9Francis Ford CoppolaThe Godfather
89%
113Fritz LangM
86%
5Francis Ford CoppolaThe Godfather Part II
86%
2Elem KlimovCome and See
83%
4Akira KurosawaSeven Samurai
83%
132Federico Fellini8 1/2
77%
23Christopher NolanThe Dark Knight
77%
17Peter JacksonThe Lord of the Rings, The Return of the King
77%
3Sidney Lumet12 Angry Men
74%
134Stanley Kubrick2001, A Space Odyssey
74%
22Martin ScorseseGoodfellas
74%
110Alfred HitchcockPsycho
74%
26Hayao MiyazakiSpirited Away
74%
73Peter JacksonThe Lord of the Rings, The Fellowship of the Ring
74%
59Park Chan-WookOldboy
71%
19Sergio LeoneThe Good, the Bad and the Ugly
71%
1Masaki KobayashiHarakiri
69%
90Christopher NolanInterstellar
69%
211Christopher NolanOppenheimer
69%
40Damien ChazelleWhiplash
69%
34Francis Ford CoppolaApocalypse Now
66%
91Quentin TarantinoInglourious Basterds
66%
173Quentin TarantinoPulp Fiction
66%
16Akira KurosawaRan
66%
27Paul Thomas AndersonThere Will be Blood
66%
196Stanley KubrickThe Shining
66%
201Alfred HitchcockVertigo
66%
46Ingmar BergmanPersona
63%
13Steven SpielbergSchindlers List
63%
15Mathieu KassovitzLa Haine
60%
47Bong Joon-HoMemories of Murder
60%
30Stanley KubrickPaths of Glory
60%
194Wes AndersonThe Grand Budapest Hotel
60%
10Frank DarabontThe Shawshank Redemption
60%
11Edward YangYi Yi
60%
12Fernando MeirellesCity of God
57%
55Spike LeeDo the Right Thing
57%
53Denis VilleneuveIncendies
57%
52Wong Kar-WaiIn the Mood for Love
57%
92Andrei TarkovskyMirror
57%
64Sergio LeoneOnce Upon a Time in the West
57%
41Andrei TarkovskyStalker
57%
72Roman PolanskiThe Pianist
57%
86Ingmar BergmanThe Seventh Seal
57%
167Quentin TarantinoDjango Unchained
54%
6Akira KurosawaHigh and Low
54%
14Akira KurosawaIkiru
54%
62Frank CapraIt's a Wonderful Life
54%
101Joel and Ethan CoenNo Country for Old Men
54%
56Satoshi KonPerfect Blue
54%
69Alfred HitchcockRear Window
54%
83John CarpenterThe Thing
54%
127Akira KurosawaYojimbo
54%
18Edward YangA Brighter Summer Day
51%
160Ridley ScottAlien
51%
42Andrei TarkovskyAndrei Rublev
51%
58Stanley KubrickBarry Lyndon
51%
138Wong Kar-WaiChungking Express
51%
31Giuseppe TornatoreCinema Paradiso
51%
93Charlie ChaplinCity Lights
51%
128Stanley KubrickDr. Strangelove (or How I Learned to Stop Worrying and Love the Bomb)
51%
166David FincherFight Club
51%
150Denis VilleneuvePrisoners
51%
219Akira KurosawaRashomon
51%
20Masaki KobayashiThe Human Condition I, No Greater Love
51%
60Peter JacksonThe Lord of the Rings, The Two Towers
51%
99Jonathan DemmeThe Silence of the Lambs
51%
37Yasujiro OzuTokyo Story
51%
28Ingmar BergmanAutumn Sonata
49%
161Michael CurtizCasablanca
49%
146Roman PolanskiChinatown
49%
182Hideaki AnnoEvangelion: 3.0+1.0 Thrice Upon a Time
49%
49Ingmar BergmanFanny and Alexander
49%
170Wes AndersonFantastic Mr. Fox
49%
162Charlie ChaplinModern Times
49%
24Hideaki Anno
Kazuya Tsurumaki
Neon Genesis Evangelion, The End of Evangelion
49%
246Sergio LeoneOnce Upon a Time in America
49%
78Milos FormanOne Flew Over the Cuckoos Nest
49%
70Hayao MiyazakiPrincess Mononoke
49%
187Martin ScorseseRaging Bull
49%
35Billy WilderSunset Boulevard
49%
38Billy WilderThe Apartment
49%
130Martin ScorseseThe Departed
49%
48Park Chan-WookThe Handmaiden
49%
8Masaki KobayashiThe Human Condition III, A Soldiers Prayer
49%
50Masaki KobayashiThe Human Condition II, Road to Eternity
49%
98Ingmar BergmanWild Strawberries
49%
114Milos FormanAmadeus
46%
97Richard LinklaterBefore Sunrise
46%
242Joel and Ethan CoenFargo
46%
168Michael MannHeat
46%
112Hayao MiyazakiHowl's Moving Castle
46%
80David LeanLawrence of Arabia
46%
25Joaquim Dos Santos
Justin K. Thompson
Kemp Powers
Spiderman, Across the Spider-Verse
46%
43Bob Persichetti
Peter Ramsey
Rodney Rothman
Spiderman into the Spider-Verse
46%
238Frank DarabontThe Green Mile
46%
129Wim WendersWings of Desire
46%
84Richard LinklaterBefore Sunset
43%
45Abbas KiarostamiClose-Up
43%
122Daniel Scheinert
Daniel Kwan
Everything Everywhere All at Once
43%
96Roberto BenigniLife is Beautiful
43%
118Xavier DolanMommy
43%
57Wim WendersParis, Texas
43%
74Bela TarrSatantango
43%
121Charlie ChaplinThe Great Dictator
43%
222Christopher NolanThe Prestige
43%
250Peter WeirThe Truman Show
43%
61John CassavetesA Woman Under the Influence
40%
237Paul Thomas AndersonBoogie Nights
40%
133Alfonso CuaronChildren of Men
40%
21Denis VilleneuveDune: Part Two
40%
181Fritz LangMetropolis
40%
79Ingmar BergmanScenes from a Marriage
40%
109Stanley Donen
Gene Kelly
Singin' in the Rain
40%
193Andrei TarkovskySolaris
40%
198Billy WilderSome Like it Hot
40%
119Abbas KiarostamiTaste of Cherry
40%
154James CameronTerminator 2, Judgement Day
40%
116Francois TruffautThe 400 Blows
40%
54Mikhail KalatozovThe Cranes are Flying
40%
65Emeric Pressburger
Michael Powell
The Red Shoes
40%
131Andrei TarkovskyThe Sacrifice
40%
88Robert BressonA Man Escaped
37%
126Vittorio De SicaBicycle Thieves
37%
143Gus Van SantGood Will Hunting
37%
29Isao TakahataGrave of the Fireflies
37%
179Chantal AkermanJeanne Dielman, 23, Quai du Commerce, 1080 Bruxelles
37%
158Federico FelliniLa Dolce Vita
37%
180Wim WendersPerfect Days
37%
108Akira KurosawaRed Beard
37%
68Larisa ShepitkoThe Ascent
37%
51Irvin KershnerThe Empire Strikes Back
37%
147Thomas VinterburgThe Hunt
37%
208Martin ScorseseThe King of Comedy
37%
39Carl Theodor DreyerThe Passion of Joan of Arc
37%
103Hu BoAn Elephant Sitting Still
34%
248Orson WellesCitizen Kane
34%
232Paul Thomas AndersonMagnolia
34%
44Paul SchraderMishima, A Life in Four Chapters
34%
195David LynchMulholland Drive
34%
175Sidney LumetNetwork
34%
176Andrei TarkovskyNostalgia
34%
102Carl Theodor DreyerOrdet
34%
71Buster KeatonSherlock, Jr.
34%
220David LynchThe Elephant Man
34%
89Krzysztof KieslowskiThree Colours, Red
34%
32Hiroshi TeshigaharaWoman in the Dunes
34%
120Bob FosseAll that Jazz
31%
77Asghar FarhadiA Separation
31%
153Wolfgang PetersonDas Boot
31%
123Sidney LumetDog Day Afternoon
31%
177Billy WilderDouble Indemnity
31%
106Yasujiro OzuLate Spring
31%
76Sion SonoLove Exposure
31%
36Celine SciammaPortrait of a Lady on Fire
31%
66Kenji MizoguchiSansho the Bailiff
31%
227David LeanThe Bridge on the River Kwai
31%
165Katsuhiro OtomoAkira
29%
95Joseph L. MankiewiczAll About Eve
29%
100Jean-Pierre MelvilleArmy of Shadows
29%
124David LeanBrief Encounter
29%
191Michael GondryEternal Sunshine of the Spotless Mind
29%
82Theo AngelopoulosEternity and a Day
29%
234Wong Kar-waiHappy Together
29%
33Jacques BeckerLe Trou
29%
139Hirokazu Kore-edaMonster
29%
75Federico FelliniNights of Cabiria
29%
137Satyajit RayPather Panchali
29%
218Steven SpielbergSaving Private Ryan
29%
142Hirokazu Kore-eduShoplifters
29%
202Brad BirdThe Iron Giant
29%
243Makoto ShinkaiYour Name
29%
205Charlotte WellsAftersun
26%
111Satyajit RayApur Sansar
26%
204Kiyoshi KurosawaCure
26%
184Peter WeirDead Poets Society
26%
81Mikhail KalatozovI am Cuba
26%
85Hirokazu Kore-edaNobody Knows
26%
105Peter BogdanovichPaper Moon
26%
159Luchino ViscontiRocco and his Brothers
26%
63Gillo PontecorvoThe Battle of Algiers
26%
148Florian ZellerThe Father
26%
164Florian Henckel Von DonnersmarckThe Lives of Others
26%
169Charles LaughtonThe Night of the Hunter
26%
135Jacques DemyThe Young Girls of Rochefort
26%
172Akira KurosawaThrone of Blood
26%
125Bela TarrWerckmeister Harmonies
26%
215Ingmar BergmanWinter Light
26%
236Michael HanekeAmour
23%
235Satyajit RayAparajito
23%
209Walter SallesCentral Station
23%
226Akira KurosawaDersu Uzala
23%
152Chen KaigeFarewell my Concubine
23%
67Don HertzfeldtIt's Such a Beautiful Day
23%
107Theo AngelopoulosLandscape in the Mist
23%
224Abel GanceNapoleon
23%
186John CassavetesOpening Night
23%
212Masaki KobayashiSamurai Rebellion
23%
207William FriedkinSorcerer
23%
117Hirokazu Kore-edaStill Walking
23%
157Thomas VinterbergThe Celebration
23%
229Alexander PayneThe Holdovers
23%
115Henri-Georges ClouzotThe Wages of Fear
23%
216Vittorio De SicaUmberto D.
23%
94Billy WilderWitness for the Prosecution
23%
144Costa-GavrasZ
23%
240Otto PremingerAnatomy of a Murder
20%
171Ettore ScolaA Special Day
20%
183Jean-Pierre MelvilleLe Samourai
20%
231Satoshi KonMillennium Actress
20%
210Isao TakahataThe Tale of the Princess Kaguya
20%
190Emir KusturicaUnderground
20%
145Sergey BondarchukWar and Peace
20%
189Billy WilderAce in the Hole
17%
221Emeric Pressburger
Michael Powell
A Matter of Life and Death
17%
247Yasujiro OzuAn Autumn Afternoon
17%
188Marcel CarneChildren of Paradise
17%
141Toshio MatsumotoFuneral Parade of Roses
17%
192Stanley KramerJudgement at Nuremberg
17%
178Michelangelo AntonioniLa Notte
17%
225Hideaki AnnoRitual
17%
136Juzo ItamiTampopo
17%
163Marco Tullio GiordanaThe Best of Youth
17%
245Hiroshi TeshigaharaThe Face of Another
17%
239Roger Allers
Rob Minkoff
The Lion King
17%
199John FordThe Man who Shot Liberty Valance
17%
174Carol ReedThe Third Man
17%
156Theo AngelopoulosThe Weeping Meadow
17%
185Kenji MizoguchiUgetsu
17%
214Abbas KiarostamiLife and Nothing More
14%
151Zhang YimouRaise the Red Lantern
14%
197Jules DassinRififi
14%
203Juraj HerzThe Cremator
14%
149Zoltan FabriThe Fifth Seal
14%
155John HustonThe Treasure of the Sierra Madre
14%
140Ernst LubitschTo Be or Not to Be
14%
200Mike NicholsWho's Afraid of Virginia Woolf?
14%
206Shinji AoyamaEureka
11%
249Ryusuke HamaguchiHappy Hour
11%
228Adam ElliotMary and Max
11%
223Mike LeighSecrets and Lies
11%
213Alexander MackendrickSweet Smell of Success
11%
241Yasuhiro Takemoto
Tatsuya Ishihara
The Disappearance of Haruhi Suzumiya
11%
244Emeric Pressburger
Michael Powell
The Life and Death of Colonel Blimp
11%
230Cristian Mungiu4 Months, 3 Weeks and 2 Days
9%
217Dean Fleischer CampMarcell the Shell with Shoes On
9%
87Abbas KiarostamiWhere is my Friends's House?
9%
233Leo McCareyMake Way for Tomorrow
6%

Score Distribution

Percentile by Number Answered

Percent of People with Each Score

Your Score History

You have not taken this quiz since the last reset